[Event "Nova Gorica op 21st"]
[Site "Nova Gorica"]
[Date "2016.01.30"]
[Round "2"]
[White "Marn, Jan"]
[Black "Rusjan, Dusan"]
[Result "0-1"]
[WhiteElo "1755"]
[BlackElo "2056"]
[PlyCount "110"]
[EventDate "2016.01.29"]
[EventType "swiss"]
[EventRounds "9"]
[EventCountry "SLO"]
[SourceTitle "CBM 170 Extra"]
[Source "ChessBase"]
[SourceDate "2016.02.25"]
[SourceVersion "1"]
[SourceVersionDate "2016.02.25"]
[SourceQuality "1"]

1. e4 e5 2. Nf3 Nc6 3. Bc4 Bc5 4. c3 Nf6 5. d3 d6 6. 0-0 h6 7. a4 a6 8. h3 0-0 9. Nbd2 Qe7 10. b4 Ba7 11. Qb3 Be6 12. Re1 b5 13. Bxe6 Qxe6 14. Bb2 Nh5 15. d4 exd4 16. cxd4 Qxb3 17. Nxb3 Nxb4 18. Rec1 Nd3 19. Rc2 Nxb2 20. Rxb2 Bb6 21. Rba2 Rae8 22. Nfd2 Nf4 23. Rc2 Ne2+ 24. Kf1 Nxd4 25. Nxd4 Bxd4 26. Rb1 f5 27. axb5 axb5 28. Rxb5 fxe4 29. Nb3 Bb6 30. Rd5 g6 31. Nd4 Rf7 32. Ke2 Re5 33. Rxe5 dxe5 34. Nc6 Rxf2+ 35. Kd1 Rxc2 36. Kxc2 Bd4 37. Nb4 Kf7 38. g4 Ke6 39. Kd2 c5 40. Na2 h5 41. gxh5 gxh5 42. Nc1 c4 43. Ne2 Kf5 44. Ng3+ Kg5 45. Nxe4+ Kh4 46. Nf6 Kg5 47. Ne4+ Kf4 48. Nf6 h4 49. Nh7 e4 50. Ke2 Bg7 51. Kd2 Kg3 52. Ng5 Bh6 53. Kc3 Bxg5 54. Kxc4 Kf2 55. Kd4 e3 0-1

[Event "Nova Gorica op 21st"]
[Site "Nova Gorica"]
[Date "2016.01.29"]
[Round "1"]
[White "Rusjan, Dusan"]
[Black "Juretic, Lejla"]
[Result "0-1"]
[WhiteElo "2056"]
[BlackElo "1513"]
[PlyCount "57"]
[EventDate "2016.01.29"]
[EventType "swiss"]
[EventRounds "9"]
[EventCountry "SLO"]
[SourceTitle "CBM 170 Extra"]
[Source "ChessBase"]
[SourceDate "2016.02.25"]
[SourceVersion "1"]
[SourceVersionDate "2016.02.25"]
[SourceQuality "1"]

1. e4 e5 2. Nf3 Nf6 3. d4 exd4 4. e5 Ne4 5. Qxd4 d5 6. exd6 Nxd6 7. Bd3 Nc6 8. Qf4 Be7 9. 0-0 0-0 10. Nc3 Be6 11. Be3 h6 12. Rad1 Qc8 13. Rfe1 Nf5 14. Qe4 Nb4 15. Nd4 Nxd3 16. Nxe6 Nxe1 17. Nxf8 Nxg2 18. Kxg2 Nxe3+ 19. fxe3 Bxf8 20. h3 c6 21. Qg4 Qe8 22. Ne4 Qe5 23. Rf1 Be7 24. c3 Rf8 25. Qf5 Qxf5 26. Rxf5 Rd8 27. Rf2 Rd5 28. Ng3 Bh4 29. Re2 0-1

[Event "Nova Gorica op-A 20th"]
[Site "Nova Gorica"]
[Date "2015.02.05"]
[Round "9"]
[White "Skuhala, Jernej"]
[Black "Rusjan, Dusan"]
[Result "1/2-1/2"]
[WhiteElo "2131"]
[BlackElo "2018"]
[PlyCount "108"]
[EventDate "2015.01.30"]
[EventType "swiss"]
[EventRounds "9"]
[EventCountry "SLO"]
[SourceTitle "CBM 164 Extra"]
[Source "ChessBase"]
[SourceDate "2015.03.02"]
[SourceVersion "1"]
[SourceVersionDate "2015.03.02"]
[SourceQuality "1"]

1. e4 e5 2. Nf3 Nc6 3. Bc4 Bc5 4. 0-0 Nf6 5. d4 Nxd4 6. Nxe5 0-0 7. Be3 Ne6 8. Bxe6 Bxe3 9. Bxf7+ Kh8 10. fxe3 d6 11. Ng6+ hxg6 12. Bxg6 Ng4 13. Rxf8+ Qxf8 14. Qf3 Qxf3 15. gxf3 Ne5 16. Bh5 g6 17. f4 gxh5 18. fxe5 dxe5 19. Nc3 Bh3 20. Kf2 Rg8 21. Rg1 Rf8+ 22. Ke2 Bg4+ 23. Ke1 c6 24. Rg3 Rf3 25. Na4 b6 26. c4 Kg7 27. Nc3 Kf6 28. a4 Ke6 29. b4 Kd6 30. Rxf3 Bxf3 31. Kd2 a6 32. Kd3 Bg2 33. Ke2 Bh3 34. a5 c5 35. axb6 cxb4 36. Nd5 Kc6 37. c5 a5 38. Ne7+ Kb7 39. Nf5 a4 40. Nd6+ Kc6 41. b7 Kc7 42. Kd2 Bd7 43. Kd3 a3 44. Kc2 a2 45. Kb2 b3 46. Nc4 Bc6 47. Nxe5 Bxb7 48. Nf3 Bxe4 49. Nd4 Bd5 50. e4 Bxe4 51. Nxb3 Kc6 52. Kxa2 Bd5 53. Kb2 Bxb3 54. Kxb3 Kxc5 1/2-1/2

[Event "Nova Gorica op-A 20th"]
[Site "Nova Gorica"]
[Date "2015.02.04"]
[Round "8"]
[White "Rusjan, Dusan"]
[Black "Markoja, Boris"]
[Result "0-1"]
[WhiteElo "2018"]
[BlackElo "2306"]
[PlyCount "110"]
[EventDate "2015.01.30"]
[EventType "swiss"]
[EventRounds "9"]
[EventCountry "SLO"]
[SourceTitle "CBM 164 Extra"]
[Source "ChessBase"]
[SourceDate "2015.03.02"]
[SourceVersion "1"]
[SourceVersionDate "2015.03.02"]
[SourceQuality "1"]

1. e4 c5 2. Nf3 Nc6 3. d4 cxd4 4. Nxd4 g6 5. c4 Nf6 6. Nc3 d6 7. Be2 Nxd4 8. Qxd4 Bg7 9. Be3 0-0 10. Qd2 Bd7 11. 0-0 Bc6 12. f3 a5 13. b3 Nd7 14. Rac1 Nc5 15. Bd4 Bxd4+ 16. Qxd4 Qb6 17. Rfd1 a4 18. Rb1 axb3 19. axb3 Qb4 20. Nd5 Bxd5 21. cxd5 Qxd4+ 22. Rxd4 Ra2 23. Bf1 Rc2 24. b4 Nd7 25. Ra1 Rfc8 26. h4 Ne5 27. Rdd1 R8c3 28. Kh1 Rb2 29. Rab1 Rcb3 30. Rxb2 Rxb2 31. b5 Nd7 32. Kh2 Kg7 33. Rc1 Nc5 34. e5 Rd2 35. exd6 exd6 36. Bc4 Kf6 37. f4 Kf5 38. Kh3 h5 39. Rc3 Rd4 40. g3 Ke4 41. Rc2 Rd1 42. Kg2 f5 43. Be2 Rb1 44. Rd2 Ke3 45. Rc2 Ne4 46. Bc4 Rb4 47. Bf1 Kd4 48. Rc7 Rb2+ 49. Kh3 Nf2+ 50. Kg2 Ng4+ 51. Kg1 Rb1 52. Rc4+ Kxd5 53. Rc3 Kd4 54. Rc4+ Ke3 55. Rc3+ Ke4 0-1

[Event "Nova Gorica op-A 20th"]
[Site "Nova Gorica"]
[Date "2015.02.03"]
[Round "7"]
[White "Pregarac, Valter"]
[Black "Rusjan, Dusan"]
[Result "0-1"]
[WhiteElo "2164"]
[BlackElo "2018"]
[PlyCount "130"]
[EventDate "2015.01.30"]
[EventType "swiss"]
[EventRounds "9"]
[EventCountry "SLO"]
[SourceTitle "CBM 164 Extra"]
[Source "ChessBase"]
[SourceDate "2015.03.02"]
[SourceVersion "1"]
[SourceVersionDate "2015.03.02"]
[SourceQuality "1"]

1. d4 Nf6 2. Nf3 g6 3. Nbd2 Bg7 4. e4 d6 5. Be2 0-0 6. 0-0 c5 7. c3 b6 8. a4 Bb7 9. Bd3 cxd4 10. Nxd4 Nc6 11. Nxc6 Bxc6 12. Qe2 Nd7 13. f4 Nc5 14. Bc2 d5 15. exd5 Qxd5 16. Rd1 Rad8 17. Nf1 Qe6 18. Qxe6 Nxe6 19. Be3 Rxd1 20. Bxd1 Nc5 21. a5 Nd3 22. axb6 axb6 23. Rb1 e5 24. fxe5 Bxe5 25. Bc2 Nc5 26. Nd2 Re8 27. Nc4 Bc7 28. b4 b5 29. Bxc5 bxc4 30. Bd1 Be5 31. Bd4 Bxd4+ 32. cxd4 Rd8 33. b5 Be4 34. Rb4 Rxd4 35. Bf3 Bxf3 36. gxf3 Rd1+ 37. Kf2 c3 38. Rc4 Rb1 39. Rxc3 Rxb5 40. Kg3 Rb4 41. h4 Kg7 42. Rc5 h6 43. Ra5 Rb6 44. Rc5 Rf6 45. Kg4 h5+ 46. Kg3 Rf5 47. Rc6 f6 48. Rc7+ Kh6 49. Rc6 g5 50. hxg5+ Kxg5 51. Rc4 Ra5 52. Rb4 Ra1 53. Rb5+ Kg6 54. Rc5 Rg1+ 55. Kh4 Rg5 56. Rc4 Kf5 57. Ra4 Rg1 58. Kh3 Kg5 59. Kh2 Re1 60. Kg3 h4+ 61. Rxh4 Rg1+ 62. Kf2 Kxh4 63. Kxg1 Kg3 64. f4 Kxf4 65. Kf2 f5 0-1

[Event "Nova Gorica op-A 19th"]
[Site "Nova Gorica"]
[Date "2014.02.03"]
[Round "6"]
[White "Rusjan, Dusan"]
[Black "Cokan, Mirko"]
[Result "0-1"]
[WhiteElo "2060"]
[BlackElo "1766"]
[PlyCount "60"]
[EventDate "2014.01.31"]
[EventType "swiss"]
[EventRounds "9"]
[EventCountry "SLO"]
[SourceTitle "CBM 158 Extra"]
[Source "ChessBase"]
[SourceDate "2014.02.28"]
[SourceVersion "1"]
[SourceVersionDate "2014.02.28"]
[SourceQuality "1"]

1. e4 c5 2. Nf3 Nc6 3. d4 cxd4 4. Nxd4 Nf6 5. Nc3 g6 6. Be3 Bg7 7. Bc4 0-0 8. 0-0 Nxe4 9. Nxe4 d5 10. Nxc6 bxc6 11. Bd3 dxe4 12. Bxe4 Qc7 13. c3 Rb8 14. Qc2 Be6 15. b3 Bd5 16. Rac1 Rfc8 17. g3 f5 18. Bg2 e5 19. c4 Bxg2 20. Kxg2 f4 21. Bc5 Qf7 22. Qe4 g5 23. g4 Rb7 24. Rcd1 Qe6 25. h3 f3+ 26. Qxf3 Rf7 27. Qe3 Rf4 28. Qd3 Bf8 29. Be3 Rxg4+ 30. Kf3 e4+ 0-1

[Event "Nova Gorica op-A 19th"]
[Site "Nova Gorica"]
[Date "2014.02.01"]
[Round "2"]
[White "Rusjan, Dusan"]
[Black "Milenkovic, Mladen"]
[Result "0-1"]
[WhiteElo "2060"]
[BlackElo "2379"]
[PlyCount "110"]
[EventDate "2014.01.31"]
[EventType "swiss"]
[EventRounds "9"]
[EventCountry "SLO"]
[SourceTitle "CBM 158 Extra"]
[Source "ChessBase"]
[SourceDate "2014.02.28"]
[SourceVersion "1"]
[SourceVersionDate "2014.02.28"]
[SourceQuality "1"]

1. e4 c5 2. Nf3 Nc6 3. d4 cxd4 4. Nxd4 Nf6 5. Nc3 g6 6. Be3 Bg7 7. Bc4 0-0 8. 0-0 d6 9. h3 Bd7 10. Qd2 a6 11. Bb3 b5 12. f3 Na5 13. Nd5 Rc8 14. c3 Rb8 15. Rab1 Qc8 16. Kh2 Nxd5 17. Bxd5 Qc7 18. Bh6 Bh8 19. g3 Nc4 20. Bxc4 Qxc4 21. b3 Qc5 22. Rbc1 Rfc8 23. Be3 Qh5 24. g4 Qe5+ 25. Bf4 Qc5 26. Be3 Qc7 27. Kg2 Qb7 28. Ne2 Bc6 29. Nd4 Be8 30. Rc2 Rd8 31. c4 bxc4 32. bxc4 Ba4 33. Rc3 Rdc8 34. Rfc1 Qb2 35. Qxb2 Rxb2+ 36. Kg3 Rxa2 37. c5 dxc5 38. Rxc5 Re8 39. Rc8 Be5+ 40. f4 Bxd4 41. Bxd4 Rd2 42. Rxe8+ Bxe8 43. Rc8 Kf8 44. Bc5 Rd3+ 45. Kg2 f6 46. Rc7 Bd7 47. Ra7 Rc3 48. Bb4 Rc4 49. Ba3 Ke8 50. Rxa6 Bc6 51. Ra7 Rxe4 52. Kg3 Bd7 53. Ra8+ Kf7 54. Ra7 Re3+ 55. Kf2 Rxh3 0-1

[Event "Nova Gorica op-A 19th"]
[Site "Nova Gorica"]
[Date "2014.01.31"]
[Round "1"]
[White "Kolsek, Jan"]
[Black "Rusjan, Dusan"]
[Result "0-1"]
[WhiteElo "1625"]
[BlackElo "2060"]
[PlyCount "50"]
[EventDate "2014.01.31"]
[EventType "swiss"]
[EventRounds "9"]
[EventCountry "SLO"]
[SourceTitle "CBM 158 Extra"]
[Source "ChessBase"]
[SourceDate "2014.02.28"]
[SourceVersion "1"]
[SourceVersionDate "2014.02.28"]
[SourceQuality "1"]

1. e4 e5 2. Nf3 Nc6 3. Bc4 Bc5 4. c3 Nf6 5. d4 exd4 6. cxd4 Bb4+ 7. Bd2 Bxd2+ 8. Nbxd2 d5 9. exd5 Nxd5 10. 0-0 0-0 11. Re1 Nb6 12. Be2 Nxd4 13. Nxd4 Qxd4 14. b3 Be6 15. Nf3 Qf6 16. Qc2 c6 17. Bd3 g6 18. Rad1 Rad8 19. Nd2 Bg4 20. f3 Qd4+ 21. Kh1 Qxd3 22. Qxd3 Rxd3 23. fxg4 Rfd8 24. Re2 c5 25. Kg1 c4 0-1

[Event "Nova Gorica op-A 18th"]
[Site "Nova Gorica"]
[Date "2013.01.25"]
[Round "1"]
[White "Sambo, Pietro"]
[Black "Rusjan, Dusan"]
[Result "0-1"]
[WhiteElo "1655"]
[BlackElo "2084"]
[PlyCount "66"]
[EventDate "2013.01.25"]
[EventType "swiss"]
[EventRounds "9"]
[EventCountry "SLO"]
[SourceTitle "CBM 152 Extra"]
[Source "ChessBase"]
[SourceDate "2013.02.25"]
[SourceVersion "1"]
[SourceVersionDate "2013.02.25"]
[SourceQuality "1"]

1. e4 e5 2. Nf3 Nc6 3. Bb5 a6 4. Ba4 Nf6 5. 0-0 Be7 6. d3 d6 7. h3 h5 8. Bb3 Na5 9. Bg5 Nxb3 10. axb3 c5 11. Bxf6 Bxf6 12. Nc3 Be6 13. Nd5 0-0 14. c4 Bxd5 15. cxd5 b5 16. Qc2 Qd7 17. Qd2 Bd8 18. Nh2 f5 19. f3 Bb6 20. Kh1 a5 21. g4 fxe4 22. fxe4 a4 23. b4 cxb4 24. Qxb4 Bc5 25. Qd2 b4 26. Nf3 Qe7 27. Qd1 a3 28. bxa3 Rxa3 29. Rxa3 bxa3 30. Qb3 Qa7 31. Kg2 Rb8 32. Qc4 Rb2+ 33. Kg3 a2 0-1

[Event "SLO-chT2 West"]
[Site "Postojna"]
[Date "2009.11.08"]
[Round "9.3"]
[White "Rusjan, Dusan"]
[Black "Urbanc, Vinko"]
[Result "1-0"]
[WhiteElo "2106"]
[BlackElo "1919"]
[PlyCount "61"]
[EventDate "2009.10.23"]
[EventType "team-tourn"]
[EventRounds "9"]
[EventCountry "SLO"]
[SourceTitle "EXT 2010"]
[Source "ChessBase"]
[SourceDate "2010.11.25"]
[SourceVersion "1"]
[SourceVersionDate "2010.11.25"]
[SourceQuality "1"]
[WhiteTeam "Nova Gorica"]
[BlackTeam "Podpec"]
[WhiteTeamCountry "SLO"]
[BlackTeamCountry "SLO"]

1. e4 c5 2. Nf3 d6 3. d4 cxd4 4. Nxd4 Nf6 5. Nc3 a6 6. Be2 e5 7. Nb3 Be6 8. 0-0 Be7 9. f4 Qb6+ 10. Kh1 Nc6 11. f5 Bxb3 12. axb3 Nb4 13. Bc4 0-0 14. Qe2 Qc6 15. Bg5 Rae8 16. Ra4 Nxe4 17. Bxe7 Nxc3 18. bxc3 Rxe7 19. Rxb4 d5 20. f6 Re6 21. Qg4 Rxf6 22. Rxf6 Qxf6 23. Be2 Qf2 24. h3 f5 25. Qf3 Qe1+ 26. Qf1 Qxc3 27. Rxb7 e4 28. Qd1 Qc6 29. Ra7 f4 30. Qd4 Rf6 31. Rxa6 1-0

[Event "SLO-chT2 West"]
[Site "Postojna"]
[Date "2009.11.07"]
[Round "7.4"]
[White "Rusjan, Dusan"]
[Black "Kljun, Anton"]
[Result "1-0"]
[WhiteElo "2106"]
[BlackElo "1810"]
[PlyCount "81"]
[EventDate "2009.10.23"]
[EventType "team-tourn"]
[EventRounds "9"]
[EventCountry "SLO"]
[SourceTitle "EXT 2010"]
[Source "ChessBase"]
[SourceDate "2010.11.25"]
[SourceVersion "1"]
[SourceVersionDate "2010.11.25"]
[SourceQuality "1"]
[WhiteTeam "Nova Gorica"]
[BlackTeam "Loska Dolina"]
[WhiteTeamCountry "SLO"]
[BlackTeamCountry "SLO"]

1. e4 e5 2. Nf3 Nc6 3. Bb5 f5 4. d3 d6 5. Nc3 a6 6. Ba4 fxe4 7. dxe4 Nf6 8. Bg5 Be7 9. Bxf6 Bxf6 10. Qd5 Bd7 11. 0-0-0 Qe7 12. a3 0-0-0 13. Bb3 Rhf8 14. h3 Nd4 15. Nxd4 exd4 16. Ne2 Bg5+ 17. Kb1 Rxf2 18. Nxd4 Be3 19. Nf5 Bxf5 20. exf5 Bg5 21. g4 Re2 22. Bc4 Re5 23. Qd4 Kb8 24. Be6 Bf6 25. Qd3 Rb5 26. b3 Be5 27. Rhe1 Qf6 28. c4 Rb6 29. Ka2 c5 30. Re2 Kc7 31. Rb1 a5 32. Qd2 Bc3 33. g5 Qd4 34. Qxd4 Bxd4 35. h4 Rf8 36. h5 Be5 37. h6 gxh6 38. gxh6 Ra6 39. Rg1 Raa8 40. Rg7+ Bxg7 41. hxg7 1-0

[Event "SLO-chT2 West"]
[Site "Postojna"]
[Date "2009.10.24"]
[Round "2.4"]
[White "Ursic, Simona"]
[Black "Rusjan, Dusan"]
[Result "1/2-1/2"]
[WhiteElo "2053"]
[BlackElo "2106"]
[PlyCount "80"]
[EventDate "2009.10.23"]
[EventType "team-tourn"]
[EventRounds "9"]
[EventCountry "SLO"]
[SourceTitle "EXT 2010"]
[Source "ChessBase"]
[SourceDate "2010.11.25"]
[SourceVersion "1"]
[SourceVersionDate "2010.11.25"]
[SourceQuality "1"]
[WhiteTeam "Tolmin Hidria"]
[BlackTeam "Nova Gorica"]
[WhiteTeamCountry "SLO"]
[BlackTeamCountry "SLO"]

1. e4 d6 2. d4 Nf6 3. Bd3 e5 4. c3 Be7 5. Nf3 Bg4 6. Nbd2 Nbd7 7. 0-0 0-0 8. h3 Bh5 9. Re1 c6 10. b3 Re8 11. Nf1 Qc7 12. Ng3 Bg6 13. Bb2 Bf8 14. Nh4 d5 15. Nxg6 hxg6 16. Qf3 exd4 17. cxd4 dxe4 18. Nxe4 Nxe4 19. Bxe4 Nf6 20. Bd3 Bb4 21. Re5 Bd6 22. Ree1 Qa5 23. Rxe8+ Rxe8 24. g3 Qd2 25. Rb1 Re1+ 26. Rxe1 Qxe1+ 27. Kg2 Qa5 28. a4 Qd5 29. Bc4 Qxf3+ 30. Kxf3 Kf8 31. Bc3 Nd5 32. Bxd5 cxd5 33. Bd2 a6 34. h4 Ke7 35. Kg4 Ke6 36. Ba5 Ba3 37. Bc3 Bc1 38. Kf3 Kf5 39. Bb4 f6 40. Bf8 Bh6 1/2-1/2

[Event "EU-ch Seniors 09th"]
[Site "Rogaska Slatina"]
[Date "2009.07.28"]
[Round "7"]
[White "Stull, Norbert"]
[Black "Rusjan, Dusan"]
[Result "1-0"]
[WhiteElo "2156"]
[BlackElo "2094"]
[PlyCount "75"]
[EventDate "2009.07.22"]
[EventType "swiss"]
[EventRounds "9"]
[EventCountry "SLO"]
[SourceTitle "CBM 131 Extra"]
[Source "ChessBase"]
[SourceDate "2009.09.03"]
[SourceVersion "2"]
[SourceVersionDate "2009.09.16"]
[SourceQuality "1"]

1. c4 Nf6 2. Nc3 g6 3. e4 d6 4. d4 Bg7 5. Be2 0-0 6. Nf3 e5 7. 0-0 exd4 8. Nxd4 Nc6 9. Be3 Re8 10. f3 Be6 11. Qd2 a6 12. Rfd1 Qd7 13. Rac1 Rad8 14. Bf1 Nxd4 15. Bxd4 h6 16. Nd5 Bxd5 17. cxd5 Nh5 18. Bxg7 Nxg7 19. Qxh6 Re7 20. Rd4 c5 21. dxc6 bxc6 22. Bc4 Ne6 23. Bxe6 Rxe6 24. Qd2 d5 25. h3 Rd6 26. exd5 Rxd5 27. Rxd5 cxd5 28. Qf4 Qe6 29. Qd4 Qd6 30. Kh1 f6 31. b4 Kf7 32. a4 Rd7 33. b5 axb5 34. axb5 Qe5 35. Qh4 g5 36. Qh7+ Ke6 37. Qb1 Qd6 38. Rc6 1-0

[Event "EU-ch Seniors 09th"]
[Site "Rogaska Slatina"]
[Date "2009.07.23"]
[Round "2"]
[White "Arkhangelsky, Boris Nikolaevich"]
[Black "Rusjan, Dusan"]
[Result "1/2-1/2"]
[WhiteElo "2300"]
[BlackElo "2094"]
[PlyCount "80"]
[EventDate "2009.07.22"]
[EventType "swiss"]
[EventRounds "9"]
[EventCountry "SLO"]
[SourceTitle "CBM 131 Extra"]
[Source "ChessBase"]
[SourceDate "2009.09.03"]
[SourceVersion "2"]
[SourceVersionDate "2009.09.16"]
[SourceQuality "1"]

1. d4 Nf6 2. c4 c5 3. d5 e6 4. Nc3 exd5 5. cxd5 g6 6. e4 d6 7. h3 Bg7 8. Nf3 0-0 9. Bd3 a6 10. a4 Re8 11. 0-0 Nbd7 12. Bf4 Qc7 13. Re1 Rb8 14. a5 b5 15. axb6 Rxb6 16. Ra2 Nh5 17. Bd2 Ne5 18. Nxe5 Bxe5 19. Qc1 Bg7 20. Na4 Rb8 21. b4 Bd4 22. bxc5 dxc5 23. Be3 Bxe3 24. Qxe3 Nf4 25. Nxc5 Nxd5 26. Qc1 Nb4 27. Ra3 Nxd3 28. Rxd3 a5 29. Rc3 Qe5 30. Rd1 Be6 31. f4 Qf6 32. e5 Qe7 33. Ne4 Red8 34. Nd6 h5 35. Rf1 Rxd6 36. exd6 Qxd6 37. Rd1 Qb6+ 38. Kh1 a4 39. Qe3 Qxe3 40. Rxe3 Rb4 1/2-1/2

[Event "SLO-chT1 West"]
[Site "Ljubljana"]
[Date "2008.11.23"]
[Round "9.2"]
[White "Bratko, Ivan"]
[Black "Rusjan, Dusan"]
[Result "1-0"]
[WhiteElo "2229"]
[BlackElo "2153"]
[PlyCount "45"]
[EventDate "2008.11.13"]
[EventType "team-tourn"]
[EventRounds "9"]
[EventCountry "SLO"]
[SourceTitle "EXT 2010"]
[Source "ChessBase"]
[SourceDate "2010.11.25"]
[SourceVersion "1"]
[SourceVersionDate "2010.11.25"]
[SourceQuality "1"]
[WhiteTeam "Domzale"]
[BlackTeam "Nova Gorica"]
[WhiteTeamCountry "SLO"]
[BlackTeamCountry "SLO"]

1. e4 e5 2. Nf3 Nc6 3. d4 exd4 4. Nxd4 Bc5 5. Nb3 Bb6 6. a4 Qf6 7. Qe2 a5 8. Nc3 Nge7 9. Be3 Bxe3 10. Qxe3 Nb4 11. 0-0-0 0-0 12. Nb5 Qc6 13. c3 b6 14. N5d4 Qxa4 15. cxb4 axb4 16. Bb5 Qa7 17. Nf5 Nxf5 18. exf5 c6 19. f6 h6 20. fxg7 Kxg7 21. Rd6 Rh8 22. Qe5+ Kg8 23. Bc4 1-0

[Event "SLO-chT1 West"]
[Site "Ljubljana"]
[Date "2008.11.22"]
[Round "8.1"]
[White "Zeleznik, Alojz"]
[Black "Rusjan, Dusan"]
[Result "1/2-1/2"]
[WhiteElo "2244"]
[BlackElo "2153"]
[PlyCount "29"]
[EventDate "2008.11.13"]
[EventType "team-tourn"]
[EventRounds "9"]
[EventCountry "SLO"]
[SourceTitle "EXT 2010"]
[Source "ChessBase"]
[SourceDate "2010.11.25"]
[SourceVersion "1"]
[SourceVersionDate "2010.11.25"]
[SourceQuality "1"]
[WhiteTeam "Jesenice"]
[BlackTeam "Nova Gorica"]
[WhiteTeamCountry "SLO"]
[BlackTeamCountry "SLO"]

1. e4 e5 2. Nf3 Nc6 3. Bb5 a6 4. Bxc6 dxc6 5. 0-0 Bg4 6. h3 h5 7. d3 Qf6 8. Nbd2 Bd6 9. Re1 Ne7 10. d4 Bxf3 11. Nxf3 Ng6 12. c3 Qe7 13. dxe5 Nxe5 14. Nxe5 Qxe5 15. f4 1/2-1/2

[Event "SLO-chT2"]
[Site "Ljubljana"]
[Date "2007.11.18"]
[Round "5.4"]
[White "Marinsek, Tomaz"]
[Black "Rusjan, Dusan"]
[Result "1/2-1/2"]
[WhiteElo "2196"]
[BlackElo "2159"]
[PlyCount "22"]
[EventDate "2007.11.15"]
[EventType "team"]
[EventRounds "9"]
[EventCountry "SLO"]
[SourceTitle "CBM 121 Extra"]
[Source "ChessBase"]
[SourceDate "2008.01.10"]
[SourceVersion "1"]
[SourceVersionDate "2008.01.10"]
[SourceQuality "1"]
[WhiteTeam "Trebnje BMP"]
[BlackTeam "Tolmin"]
[WhiteTeamCountry "SLO"]
[BlackTeamCountry "SLO"]

1. e4 g6 2. Nf3 Bg7 3. d4 d6 4. Nc3 Nf6 5. Bf4 0-0 6. h3 c6 7. Bd3 b5 8. a3 Bb7 9. Qd2 Nbd7 10. Bh6 a5 11. Bxg7 Kxg7 1/2-1/2

[Event "SLO-chT2W"]
[Site "Slovenia"]
[Date "2002.11.21"]
[Round "1.1"]
[White "Vavpetic, Vide"]
[Black "Rusjan, Dusan"]
[Result "1/2-1/2"]
[WhiteElo "2257"]
[BlackElo "2159"]
[PlyCount "44"]
[EventDate "2002.11.22"]
[EventType "team"]
[EventRounds "7"]
[EventCountry "SLO"]
[SourceTitle "EXT 2005"]
[Source "ChessBase"]
[SourceDate "2004.11.15"]
[SourceVersion "1"]
[SourceVersionDate "2004.11.15"]
[SourceQuality "1"]

1. e4 e5 2. Nf3 Nc6 3. d4 exd4 4. Nxd4 Nf6 5. Nxc6 bxc6 6. Bd3 d5 7. e5 Ng4 8. 0-0 f6 9. exf6 Nxf6 10. Bg5 Bd6 11. Re1+ Kf7 12. Qf3 h6 13. Bxf6 Qxf6 14. Nd2 Qxf3 15. Nxf3 Kf6 16. c4 Bd7 17. c5 Bxc5 18. Ne5 Be8 19. Nxc6 Bxc6 20. Rec1 Bd6 21. Rxc6 Rab8 22. b3 Rb6 1/2-1/2